| 000 | 00000cam 2200000za 4500 |
| 001 | 9.856012 |
| 003 | CaOODSP |
| 005 | 20241203113642 |
| 007 | cr ||||||||||| |
| 008 | 180501s1992 oncd|||#o f00| 0 eng d |
| 040 | |aCaOODSP|beng |
| 043 | |an-cn--- |
| 086 | 1 |aCW69-1/73E-PDF |
| 100 | 1 |aDickson, D. Lynne. |
| 245 | 14|aThe red-throated loon as an indicator of environmental quality |h[electronic resource] / |cD. Lynne Dickson. |
| 260 | |aOttawa : |bCanadian Wildlife Service, |cc1992. |
| 300 | |a20 p. : |bcharts. |
| 490 | 1 |aOccasional paper ; |vno. 73 |
| 500 | |aDigitized edition from print [produced by Environment and Climate Change Canada]. |
| 500 | |aIssued also in French under title: Le huart à gorge rousse comme indicateur de la qualité de l'environnement. |
| 504 | |aIncludes bibliographical references. |
| 520 | 3 |a"A monitoring study was initiated in the mid-1980s to determine the effects of future offshore oil and gas production on the birds that use the coastal areas of the Beaufort Sea. The primary objective of the five-year predevelopment phase of the study was to determine the natural annual fluctuations in the abundance, breeding effort, and breeding success of the study's indicator species, the Red-throated Loon Gavia stellata"--Abstract. |
| 692 | 07|2gccst|aAquatic birds |
| 692 | 07|2gccst|aGas industry |
| 692 | 07|2gccst|aPetroleum industry |
| 692 | 07|2gccst|aEnvironmental impact |
| 710 | 1 |aCanada. |bEnvironment Canada. |
| 710 | 2 |aCanadian Wildlife Service. |
| 775 | 08|tLe huart à gorge rousse comme indicateur de la qualité de l'environnement |w(CaOODSP)9.856656 |
| 830 | #0|aOccasional paper (Canadian Wildlife Service)|vno. 73|w(CaOODSP)9.504780 |
| 856 | 40|qPDF|s1.82 MB|uhttps://publications.gc.ca/collections/collection_2018/eccc/CW69-1-73-eng.pdf |